|
|
|
|
| LEADER |
00000nab a2200000uu 4500 |
| 001 |
vtls011530633 |
| 003 |
SK-MaSNL |
| 005 |
20260304213640.0 |
| 008 |
221107|1896 xo |||||||||||||||||slo| |
| 015 |
|
|
|a SNBRB
|
| 035 |
|
|
|a (urnnbn)urn:nbn:sk:snk:ar-a08zrv
|
| 035 |
|
|
|a (uuid)a520b6d7-55ea-4745-bb0f-122a615f632b
|
| 035 |
|
|
|a urn:nbn:sk:snk-abegqu
|
| 040 |
|
|
|a SNKBUCL
|b slo
|c SNKBUCL
|e AACR2
|
| 041 |
0 |
|
|a slo
|
| 044 |
|
|
|a xo
|c SK
|
| 100 |
1 |
|
|a Bodický, Michal,
|d 1852-1935
|4 aut
|9 105162
|
| 245 |
1 |
0 |
|a Nazareni
|c Michal Bodický
|
| 773 |
0 |
|
|t Cirkevné listy : časopis venovaný záujmom cirkve evanjelickej a. v.
|g Roč. 10, č. 8 (1896), s. [117]-118
|
| 958 |
|
|
|a ONDV
|
| 958 |
|
|
|a article21
|
| 999 |
|
|
|c 3136913
|d 3138843
|